| 000 | 00380nam a2200145Ia 4500 | ||
|---|---|---|---|
| 008 | 230519s9999 xx 000 0 und d | ||
| 020 | _a0-8036-0063-1 | ||
| 041 | _aeng | ||
| 082 | _a610.73/BEA/DB0562 | ||
| 100 |
_aBeare Patricia _9180413 |
||
| 245 | _aDavis NCLEX - RN Review | ||
| 260 |
_bF A Davis Company _aPhiladelphia _c1996 |
||
| 300 | _a705p | ||
| 999 |
_c159297 _d159297 |
||